15 Largest Cities in Cyprus🇨🇾 - Statistics

General Stats
  • This quiz has been taken 75 times
  • The average score is 6 of 15
Answer Stats
Population City % Correct
200k Nicosia
98%
72k Larnaca
91%
154k Limassol
91%
35k Paphos
79%
42k Famagusta
74%
36k Kyrenia
58%
11k Paralimni
30%
13k Aradippou
19%
14k Morfou
19%
20k Protaras
17%
7k Geri
8%
7k Lefka
8%
7k Ypsonas
8%
8k Geroskipou
6%
15k Pergamos
0%
No matching quizzes found
Score Distribution
Percent of People with Each Score
Percentile by Number Answered
Your Score History
You have not taken this quiz